000 00683nam a2200277Ia 4500
005 20260324144514.0
008 008 260324s9999 xx 000 0 eng d
020 _a9781315828985
037 _aEBOOK
040 _aCRL
040 _beng
040 _cCRL
041 _2eng
041 _aeng
084 _qCRL
100 _aJ.J. Hinderink; J.J. Sterkenburg
_91219572
245 0 _aAgricultural Commercialization And Government Policy In Africa
260 _bTaylor and Francis
260 _c1987
365 _a
365 _b145
856 _uhttp://www.taylorfrancis.com/books/9781315828985
942 _cEBOOK
999 _c1826266
_d1826266